Normal view MARC view
  • CONSTITUTIONAL LAW--UNITED STATES--CASES

Entry Topical Term

Number of records used in: 1

001 - CONTROL NUMBER

  • control field: 4006

003 - CONTROL NUMBER IDENTIFIER

  • control field: CBULib

005 - DATE AND TIME OF LATEST TRANSACTION

  • control field: 20241106064835.0

008 - FIXED-LENGTH DATA ELEMENTS

  • fixed length control field: 241106|| aca||babn | a|a d

040 ## - CATALOGING SOURCE

  • Original cataloging agency: CBULib

150 ## - HEADING--TOPICAL TERM

  • Topical term or geographic name entry element: CONSTITUTIONAL LAW--UNITED STATES--CASES